| 000 | 00488nam a2200193Ia 4500 | ||
|---|---|---|---|
| 008 | 170918s9999 xx 000 0 und d | ||
| 020 | _a9780763649142 | ||
| 050 | _bB873 2010 | ||
| 100 | _aBrooks, Archibald | ||
| 245 | _aVampireology : | ||
| 245 | _bthe true history of the fallen ones / | ||
| 245 | _cby Archibald Brooks. | ||
| 260 | _aUSA : | ||
| 260 | _bCandle wick Press, | ||
| 260 | _c2010 | ||
| 300 | _aunpaged : | ||
| 300 | _bcolored illustrations ; | ||
| 300 | _c30cm. | ||
| 999 |
_c343990 _d343990 |
||